| 000 | 00382nam a2200169Ia 4500 | ||
|---|---|---|---|
| 005 | 20250423100049.0 | ||
| 008 | 250422s9999 xx 000 0 und d | ||
| 020 | _a0-19-451317-3 | ||
| 100 | _aP L Sandler | ||
| 245 | 0 | _aManage with english | |
| 260 | _aNew York | ||
| 260 | _bOxford University Press | ||
| 260 | _c1990 | ||
| 300 | _a173 p | ||
| 650 | _aEnglish | ||
| 942 | _cBK | ||
| 999 |
_c32178 _d32178 |
||